000 00513nam a2200181Ia 4500
005 20250508152752.0
008 008 250505s9999 xx 000 0 eng d
037 _aTextual
040 _aFEDL
_beng
_cFEDL
041 _aeng
_2eng
084 _a371.335, LEW
_qFEDL
100 _aLewis Philip
245 0 _aEducational television guidebook
260 _aNew York, USA
_bMcGraw Hill Book Company Inc.
_c1961
300 _axii,238p
942 _cTEXL
_h371.335, LEW
999 _c1338630
_d1338630